Lo económico, lo social y lo político : (Record no. 84134)

MARC details
000 -LEADER
campo de control de longitud fija 00911nam a2200217 i 4500
001 - NÚMERO DE CONTROL
campo de control 84134
003 - IDENTIFICADOR DE NÚMERO DE CONTROL
campo de control ES-MaACL
005 - FECHA Y HORA DE LA ÚLTIMA TRANSACCIÓN
campo de control 20230906174943.0
007 - CAMPO FIJO DE DESCRIPCIÓN FÍSICA--INFORMACIÓN GENERAL
campo de control de longitud fija t|
008 - DATOS DE LONGITUD FIJA--INFORMACIÓN GENERAL
campo de control de longitud fija 041119s1950 sp ||||1| spa d
100 1# - ENTRADA PRINCIPAL--NOMBRE DE PERSONA
Nombre de persona Izquierdo Jiménez, Enrique.
9 (RLIN) 65729
245 13 - MENCIÓN DEL TÍTULO
Título Lo económico, lo social y lo político :
Resto del título [conferencia pronunciada en la Escuela Social de Madrid, el día 17 de febrero de 1949] /
Mención de responsabilidad, etc. por Enrique Izquierdo Jiménez.
260 ## - PUBLICACIÓN, DISTRIBUCIÓN, ETC.
Lugar de publicación, distribución, etc. Madrid :
Nombre del editor, distribuidor, etc. [Escuela Social de Madrid],
Fecha de publicación, distribución, etc. 1950 (
Fabricante Gráf. Barragán)
300 ## - DESCRIPCIÓN FÍSICA
Extensión 26 p. ;
Dimensiones 24 cm.
594 ## - Nota al título y mención de responsabilidad
Nota al título y mención de responsabilidad Precede al tít.: Ministerio de Trabajo. Escuela Social de Madrid.
651 #4 - PUNTO DE ACCESO ADICIONAL DE MATERIA--NOMBRE GEOGRÁFICO
Nombre geográfico España-
Subdivisión general Situación económica-
Subdivisión cronológica 1939-1955.
9 (RLIN) 167677
651 #4 - PUNTO DE ACCESO ADICIONAL DE MATERIA--NOMBRE GEOGRÁFICO
Nombre geográfico España-
Subdivisión general Situación social-
Subdivisión cronológica 1939-1955.
9 (RLIN) 167678
651 #4 - PUNTO DE ACCESO ADICIONAL DE MATERIA--NOMBRE GEOGRÁFICO
Nombre geográfico España-
Subdivisión general Política y gobierno-
Subdivisión cronológica 1939-1955.
9 (RLIN) 172445
710 2# - ENTRADA AGREGADA--NOMBRE DE ENTIDAD CORPORATIVA
Nombre de entidad corporativa o nombre de jurisdicción como elemento de entrada Escuela Social de Madrid.
9 (RLIN) 3593
852 ## - LOCALIZACIÓN
Ubicación ES-MaACL
Número de control de estantería 1920-F-9
Holdings
Estatus retirado Estado de pérdida Estado de daño No para préstamo Colección Biblioteca de origen Biblioteca actual Ubicación en estantería Fecha de adquisición Fuente de adquisición Total de préstamos Signatura topográfica completa Código de barras Visto por última vez Precio de reemplazo Tipo de ítem Koha
        Colección de folletos Biblioteca del Ateneo de Madrid Biblioteca del Ateneo de Madrid Depósito folletos 17/01/2008     1920-F-9 1087927 23/02/2023 23/02/2023 Folleto